Najbardziej religijne państwa UE - Statystyki

Ogólne statystyki
  • Ten quiz został rozwiązany 1 092 razy
  • Średni wynik to 5 z 10
Statystyki odpowiedzi
% Kraj religijny % Poprawnych
79 Polska
99%
74 Włochy
82%
70 Portugalia
57%
63 Słowacja
56%
79 Grecja
51%
69 Chorwacja
46%
94 Rumunia
45%
70 Irlandia
34%
94 Malta
26%
88 Cypr
16%
Nie znaleziono quizów pasujących do podanych kryteriów
Rozkład punktacji
Procent ludzi z każdym wynikiem
Percentyl według liczby udzielonych odpowiedzi
Twoja historia wyników
Nie rozwiązałeś tego quizu